[Event "TopJP2GB,Bois-Colombes-Clichy"]
[Site "?"]
[Date "2009.12.20"]
[Round "6"]
[White "Banat, Rizlene"]
[Black "Zychowski, Adrien"]
[Result "1-0"]
[WhiteElo "1570"]
[BlackElo "1500"]
[PlyCount "127"]
[EventDate "2009.12.20"]
[SourceDate "2009.12.27"]

1. Nf3 Nc6 2. c4 Nf6 3. g3 e5 4. Nc3 Be7 5. Bg2 d6 6. O-O O-O 7. d4 Bf5 8. dxe5
dxe5 9. a3 a6 10. b4 Be6 11. c5 Rb8 12. Bb2 Bc4 13. Re1 b6 14. Nd2 Bd5 15. Nxd5
Nxd5 16. Nc4 Bf6 17. Qxd5 Qxd5 18. Bxd5 Ne7 19. Be4 b5 20. Nxe5 Rfe8 21. Nd3
Bxb2 22. Nxb2 Kf8 23. a4 g6 24. axb5 axb5 25. Ra7 Nc8 26. Ra8 Rxa8 27. Bxa8 Ne7
28. Ra1 Nf5 29. e3 Rd8 30. Bc6 Rb8 31. Ra8 Rxa8 32. Bxa8 Ne7 33. Nd3 Ke8 34.
Ne5 f6 35. Nc6 Nd5 36. e4 Nc3 37. Nd4 Ke7 38. Bc6 Na2 39. Nc2 Nc3 40. Ne3 Na2
41. Nd5+ Kd8 42. Bxb5 f5 43. exf5 gxf5 44. Bc6 Nc1 45. b5 Nb3 46. b6 Nxc5 47.
b7 Nxb7 48. Bxb7 Kd7 49. Nf6+ Kd6 50. Nxh7 c5 51. Ba6 Kd5 52. Nf6+ Ke5 53. Nd7+
Kd6 54. Nxc5 Kxc5 55. Bd3 f4 56. gxf4 Kd5 57. f5 Ke5 58. f4+ Kf6 59. Kg2 Kg7
60. h4 Kf6 61. h5 Kg7 62. h6+ Kxh6 63. f6 Kh5 64. f7 1-0

[Event "TopJP2GB,Bois-Colombes-Clichy"]
[Site "?"]
[Date "2009.12.20"]
[Round "6"]
[White "Ariza, Thomas"]
[Black "Kieffer, Anatole"]
[Result "0-1"]
[WhiteElo "1360"]
[BlackElo "1550"]
[PlyCount "112"]
[EventDate "2009.12.20"]
[SourceDate "2009.12.27"]

1. e4 e5 2. Nf3 Nc6 3. Bc4 Bc5 4. Nc3 Nf6 5. O-O O-O 6. Be2 d6 7. d3 h6 8. Na4
Bb6 9. Nxb6 axb6 10. Be3 Be6 11. c4 Ne7 12. b4 Ng6 13. Qd2 Ng4 14. h3 Nxe3 15.
Qxe3 Qe7 16. Nh2 Nf4 17. Bg4 f5 18. exf5 Bxf5 19. Bxf5 Rxf5 20. b5 Ra3 21. Rfd1
Ne6 22. Qe4 Rf8 23. Qxb7 Rfa8 24. Rd2 Nc5 25. Qd5+ Kh8 26. Re1 Rxa2 27. Rxa2
Rxa2 28. f4 Qh4 29. Rf1 exf4 30. Qf3 Qg3 31. Qxg3 fxg3 32. Ng4 Nxd3 33. Rf3
Ra1+ 34. Rf1 Rxf1+ 35. Kxf1 Kg8 36. Ne3 Nc5 37. Nd5 Ne6 38. Ke2 Kf7 39. Kf3 Kg6
40. Kxg3 Kf5 41. Kf3 h5 42. Ke3 g5 43. Kf3 Ke5 44. g3 Kd4 45. Ne3 Nc5 46. g4 h4
47. Nf5+ Kxc4 48. Nxh4 gxh4 49. g5 Ne6 50. g6 d5 51. Kg4 d4 52. Kf5 Kd5 53. Kg4
Ke4 54. Kxh4 d3 55. g7 Nxg7 56. Kg5 d2 0-1

[Event "TopJP2GB,Bois-Colombes-Clichy"]
[Site "?"]
[Date "2009.12.20"]
[Round "6"]
[White "Bonnin, Rémi"]
[Black "Vigna, Liza"]
[Result "0-1"]
[WhiteElo "1070"]
[BlackElo "1009"]
[PlyCount "110"]
[EventDate "2009.12.20"]
[SourceDate "2009.12.27"]

1. e4 e5 2. Nf3 Nc6 3. Bb5 a6 4. Bxc6 dxc6 5. d3 Bg4 6. O-O Nf6 7. Nc3 Bb4 8.
Bd2 O-O 9. a3 Ba5 10. b4 Bb6 11. Bg5 Bd4 12. Qd2 Bxf3 13. gxf3 b5 14. Kh1 Qd6
15. Rg1 Rfe8 16. Bh6 g6 17. Rg3 Nh5 18. Rg2 Qf6 19. Rag1 Qxf3 20. Nd1 Nf4 21.
Ne3 Nxg2 22. Rxg2 c5 23. c3 Bxe3 24. Qxe3 Qxe3 25. Bxe3 cxb4 26. cxb4 a5 27. f4
axb4 28. axb4 Ra1+ 29. Rg1 Rxg1+ 30. Kxg1 exf4 31. Bxf4 c6 32. Kf2 Re6 33. Ke3
f5 34. h4 fxe4 35. dxe4 h5 36. Kd4 Kf7 37. e5 Re8 38. Kc5 Rc8 39. Kd6 Ke8 40.
e6 Rd8+ 41. Kxc6 Rd4 42. Be3 Rxb4 43. Kc5 Rxh4 44. Kxb5 Re4 45. Bg5 Re5+ 46.
Kc4 Rxg5 47. Kd4 h4 48. Ke3 h3 49. Kd4 h2 50. Ke4 h1=Q+ 51. Kd4 Qd5+ 52. Ke3
Rg4 53. Kf2 Qd3 54. Ke1 Rg2 55. e7 Qe2# 0-1

[Event "TopJP2GB,Bois-Colombes-Clichy"]
[Site "?"]
[Date "2009.12.20"]
[Round "6"]
[White "Vigna, Liza"]
[Black "Ariza, Thomas"]
[Result "0-1"]
[WhiteElo "1009"]
[BlackElo "1360"]
[PlyCount "70"]
[EventDate "2009.12.20"]
[SourceDate "2009.12.27"]

1. e4 e5 2. Nf3 d6 3. h3 Be6 4. d4 exd4 5. Nxd4 Nf6 6. Nc3 Be7 7. Bd3 O-O 8.
O-O Qd7 9. Qf3 Nc6 10. Nxe6 fxe6 11. Bb5 a6 12. Bxc6 Qxc6 13. Re1 Nd7 14. Qg4
Nc5 15. b4 Nd7 16. Qxe6+ Rf7 17. Bd2 Ne5 18. Rab1 Re8 19. Qb3 Bh4 20. g3 Nf3+
21. Kh1 Nxd2 22. Qb2 Bf6 23. b5 axb5 24. Qxb5 Bxc3 25. Qxc6 bxc6 26. Rb3 Nxb3
27. Re3 Nd2 28. Rxc3 Nxe4 29. Rxc6 Nxf2+ 30. Kg2 Nd1 31. h4 Re2+ 32. Kh3 Nf2+
33. Kg2 Ng4+ 34. Kh3 h5 35. Ra6 Rh2# 0-1

[Event "TopJP2GB,Bois-Colombes-Clichy"]
[Site "?"]
[Date "2009.12.20"]
[Round "6"]
[White "Kieffer, Anatole"]
[Black "Bonnin, Rémi"]
[Result "1-0"]
[WhiteElo "1550"]
[BlackElo "1070"]
[PlyCount "61"]
[EventDate "2009.12.20"]
[SourceDate "2009.12.27"]

1. e4 e5 2. Nf3 d6 3. d4 exd4 4. Nxd4 Nf6 5. Nc3 Be7 6. Bc4 O-O 7. O-O Nc6 8.
Be3 Nxd4 9. Qxd4 c5 10. Qd3 Bg4 11. Nd5 Nxd5 12. Bxd5 Rb8 13. a3 Be6 14. b4
cxb4 15. axb4 a6 16. b5 axb5 17. Qxb5 Bf6 18. Ra7 Rc8 19. c4 b6 20. Bxb6 Qe7
21. Rxe7 Bxe7 22. Bxe6 fxe6 23. Qd7 Rfe8 24. Qxe6+ Kh8 25. Qf7 h6 26. Bd4 Bf6
27. Bxf6 gxf6 28. Qxf6+ Kh7 29. Rb1 Rxc4 30. Rb7+ Kg8 31. Qg7# 1-0

[Event "TopJP2GB,Saint-Mandé-Bois-Colombes"]
[Site "?"]
[Date "2009.12.21"]
[Round "7"]
[White "Sochacki, Christophe"]
[Black "Rachid, Danial"]
[Result "1-0"]
[WhiteElo "2319"]
[BlackElo "1943"]
[PlyCount "79"]
[EventDate "2009.12.20"]
[SourceDate "2009.12.28"]

1. e4 e6 2. d4 d5 3. Nc3 Bb4 4. e5 c5 5. a3 Bxc3+ 6. bxc3 Qc7 7. Qg4 Ne7 8. Bd3
cxd4 9. Ne2 Nbc6 10. cxd4 Bd7 11. O-O O-O-O 12. Qxg7 Rhg8 13. Qxh7 Rh8 14. Qg7
Rdg8 15. Qf6 Ng6 16. g3 Nce7 17. Bg5 Rh7 18. Nf4 Rgh8 19. Nxg6 fxg6 20. h4 Nf5
21. Qxg6 Nxd4 22. Bf6 Nf3+ 23. Kg2 Nxe5 24. Qg5 Rh5 25. Bxe5 Qxe5 26. Qxe5 Rxe5
27. f4 Re3 28. Kf2 d4 29. Rae1 Rg8 30. Rg1 e5 31. Rxe3 dxe3+ 32. Kxe3 exf4+ 33.
Kxf4 Rg4+ 34. Ke5 Ra4 35. Kf6 Bg4 36. Kg5 Bf3 37. Bf5+ Kd8 38. h5 Ra5 39. h6
Be4 40. g4 1-0

[Event "TopJP2GB,Saint-Mandé-Bois-Colombes"]
[Site "?"]
[Date "2009.12.21"]
[Round "7"]
[White "Aflalo, Sophie"]
[Black "Brunier, Jules"]
[Result "1-0"]
[WhiteElo "2036"]
[BlackElo "2004"]
[PlyCount "41"]
[EventDate "2009.12.20"]
[SourceDate "2009.12.28"]

1. e4 b6 2. d4 Bb7 3. Bd3 Nf6 4. Nd2 e6 5. f4 d5 6. e5 Nfd7 7. c3 c5 8. Ne2 Nc6
9. a3 Qc7 10. b4 cxd4 11. cxd4 Nxd4 12. Nxd4 Qc3 13. Qc2 Qxd4 14. Nb3 Bxb4+ 15.
axb4 Qxb4+ 16. Bd2 Qe7 17. O-O g6 18. Rfc1 O-O 19. Qc7 Rfb8 20. Bb5 Bc8 21. Bc6
1-0

[Event "TopJP2GB,Saint-Mandé-Bois-Colombes"]
[Site "?"]
[Date "2009.12.21"]
[Round "7"]
[White "Bayart, Jules"]
[Black "Lam-Roques, Kalvin"]
[Result "0-1"]
[WhiteElo "1835"]
[BlackElo "1696"]
[PlyCount "76"]
[EventDate "2009.12.20"]
[SourceDate "2009.12.28"]

1. e4 c5 2. c3 d5 3. exd5 Qxd5 4. d4 g6 5. Nf3 cxd4 6. cxd4 Bg7 7. Nc3 Qd8 8.
Be2 Nf6 9. O-O a6 10. Be3 b5 11. Ne5 Bb7 12. Qb3 Nd5 13. Rac1 O-O 14. Qc2 Nd7
15. Nf3 Rc8 16. Qd2 N7b6 17. Nxd5 Nxd5 18. Bh6 e6 19. Bxg7 Kxg7 20. Ne5 Qe7 21.
f4 Rfd8 22. Rce1 Nb4 23. Bf3 Nc2 24. Bxb7 Qxb7 25. Nf3 Nxe1 26. Rxe1 Rc7 27.
Qe2 Qd5 28. h3 Rdc8 29. Qd2 Qxa2 30. Qb4 Rc2 31. Qd6 Qxb2 32. Qe5+ Kg8 33. f5
Rxg2+ 34. Kh1 exf5 35. Nh4 Rgc2 36. Qg3 Rc1 37. Nf3 a5 38. Rg1 Rxg1+ 0-1

[Event "TopJP2GB,Saint-Mandé-Bois-Colombes"]
[Site "?"]
[Date "2009.12.21"]
[Round "7"]
[White "Zychowski, Antoine"]
[Black "Dumas, Charles"]
[Result "0-1"]
[WhiteElo "1560"]
[BlackElo "1783"]
[PlyCount "102"]
[EventDate "2009.12.20"]
[SourceDate "2009.12.28"]

1. e4 c6 2. d4 d5 3. Nc3 dxe4 4. Nxe4 Nf6 5. Nxf6+ gxf6 6. Nf3 Bg4 7. h3 Bh5 8.
g4 Bg6 9. Bd3 Bxd3 10. Qxd3 e6 11. Bd2 Bd6 12. O-O-O Nd7 13. Rhe1 Qc7 14. d5
cxd5 15. Qxd5 O-O-O 16. Qa5 Qxa5 17. Bxa5 Bc7 18. Bxc7 Kxc7 19. Nd4 Nb6 20.
Nb5+ Kb8 21. Nd6 Rd7 22. Rd2 Nd5 23. c4 Rxd6 24. cxd5 Rc8+ 25. Kb1 Rcd8 26. Re4
Rxd5 27. Rxd5 Rxd5 28. Rf4 f5 29. g5 Rd1+ 30. Kc2 Rg1 31. Rh4 Rxg5 32. Rxh7 Rg2
33. h4 Rxf2+ 34. Kc3 Rh2 35. h5 e5 36. h6 f4 37. Rh8+ Kc7 38. h7 f3 39. Kd3 e4+
40. Ke3 f5 41. Rf8 Rxh7 42. Rxf5 Re7 43. b4 Kd6 44. a4 b6 45. a5 bxa5 46. Rxa5
Rf7 47. Ra2 Kd5 48. Rc2 f2 49. Rxf2 Rxf2 50. Kxf2 Kc4 51. Ke3 Kxb4 0-1

[Event "TopJP2GB,Saint-Mandé-Bois-Colombes"]
[Site "?"]
[Date "2009.12.21"]
[Round "7"]
[White "Rodriguez, Adrien"]
[Black "Triboulin, Amaury"]
[Result "1-0"]
[WhiteElo "1813"]
[BlackElo "1599"]
[PlyCount "55"]
[EventDate "2009.12.20"]
[SourceDate "2009.12.28"]

1. d4 d5 2. c4 dxc4 3. Nc3 Nf6 4. e4 e6 5. Bxc4 Bb4 6. Bd3 O-O 7. Nf3 c5 8. O-O
cxd4 9. Ne2 Nc6 10. e5 Nd7 11. Nexd4 Ndxe5 12. Nxc6 Nxf3+ 13. Qxf3 bxc6 14. Rd1
Qc7 15. Qe4 g6 16. Qxb4 Rd8 17. Bh6 e5 18. Bf1 Be6 19. Qh4 f5 20. Qf6 Re8 21.
Rac1 Bd5 22. Rxd5 Qf7 23. Qxf7+ Kxf7 24. Rd7+ Ke6 25. Rcd1 f4 26. f3 Rab8 27.
R1d6+ Kf5 28. Rf7# 1-0

[Event "TopJP2GB,Saint-Mandé-Bois-Colombes"]
[Site "?"]
[Date "2009.12.21"]
[Round "7"]
[White "Zychowski, Adrien"]
[Black "Roque, Gaetan"]
[Result "0-1"]
[WhiteElo "1500"]
[BlackElo "1750"]
[PlyCount "150"]
[EventDate "2009.12.20"]
[SourceDate "2009.12.28"]

1. e4 c6 2. d4 d5 3. Nc3 dxe4 4. Nxe4 Nd7 5. Nf3 Ngf6 6. Ng3 g6 7. Bd3 Bg7 8.
O-O O-O 9. Re1 Nb6 10. c3 Qc7 11. Qb3 c5 12. dxc5 Qxc5 13. Be3 Qc7 14. Bxb6
axb6 15. Re2 Be6 16. Qc2 Bxa2 17. b3 Bxb3 18. Qb2 Rxa1+ 19. Qxa1 Nd5 20. Nd4
Nf4 21. Re3 Nxd3 22. Rxd3 Qc4 23. Rd2 Rc8 24. Nge2 Qa4 25. Qxa4 Bxa4 26. Ra2
Bd1 27. Ra3 Rd8 28. Ra1 Bxe2 29. Nxe2 Rd2 30. Kf1 Rd3 31. Rc1 Bh6 32. Rb1 f5
33. f4 Rd6 34. g3 Bg7 35. Ke1 e5 36. Rb3 e4 37. Nc1 h6 38. Na2 e3 39. c4 Rc6
40. Rb4 g5 41. Ke2 Bd4 42. Nc1 Bc5 43. Ra4 Rg6 44. fxg5 hxg5 45. Ra8+ Kh7 46.
Nb3 f4 47. Nxc5 bxc5 48. Rf8 Kg7 49. Rf5 b6 50. gxf4 gxf4 51. Rxf4 Rg2+ 52.
Kxe3 Rxh2 53. Rf2 Rxf2 54. Kxf2 Kf6 55. Ke2 Ke5 56. Kd3 Kf4 57. Kc3 Ke4 58. Kb2
Kd3 59. Kb3 Kd4 60. Kb2 Kxc4 61. Kc2 b5 62. Kb2 Kd3 63. Kc1 c4 64. Kd1 c3 65.
Kc1 b4 66. Kb1 b3 67. Kc1 c2 68. Kb2 Kd2 69. Kxb3 c1=Q 70. Kb4 Qc6 71. Kb3 Qc5
72. Kb2 Qc3+ 73. Ka2 Qb4 74. Ka1 Kc2 75. Ka2 Qb2# 0-1

[Event "TopJP2GB,Saint-Mandé-Bois-Colombes"]
[Site "?"]
[Date "2009.12.21"]
[Round "7"]
[White "Lachkar, Dan"]
[Black "Ariza, Thomas"]
[Result "1-0"]
[WhiteElo "1260"]
[BlackElo "1360"]
[PlyCount "123"]
[EventDate "2009.12.20"]
[SourceDate "2009.12.28"]

1. d4 d5 2. Nf3 Nf6 3. Bf4 Nc6 4. e3 Bf5 5. Nbd2 e6 6. Bb5 Bd6 7. Bxd6 Qxd6 8.
O-O O-O 9. Re1 a6 10. Bxc6 Qxc6 11. Ne5 Qxc2 12. Qxc2 Bxc2 13. Rac1 Bf5 14.
Rxc7 b5 15. f3 h6 16. e4 dxe4 17. fxe4 Bh7 18. Nd7 Nxd7 19. Rxd7 Rfd8 20. Rxd8+
Rxd8 21. Nb3 Kf8 22. e5 Bc2 23. Nc5 Rxd4 24. a3 a5 25. Rc1 Rd1+ 26. Rxd1 Bxd1
27. Kf2 Bg4 28. Nb7 Bd1 29. Nxa5 f6 30. Nc6 Kf7 31. exf6 Kxf6 32. Nd4 e5 33.
Nxb5 Ba4 34. Nc3 Bb3 35. a4 Ke6 36. Ke3 Bc4 37. b4 Ba6 38. b5 Bb7 39. g3 Kd6
40. a5 Kc5 41. a6 Ba8 42. Kd3 g5 43. h3 h5 44. h4 g4 45. Ne4+ Kxb5 46. Nf6 Kc5
47. Nxh5 Bf3 48. Nf6 Ba8 49. h5 e4+ 50. Ke3 Kd6 51. h6 Bd5 52. Nxd5 Kxd5 53. h7
Kc6 54. h8=Q Kd6 55. Kxe4 Kc6 56. Qd4 Kc7 57. Qf6 Kd7 58. Kd5 Kc7 59. Qc6+ Kd8
60. Qb7 Ke8 61. Ke6 Kf8 62. Qf7# 1-0

[Event "TopJP2GB,Saint-Mandé-Bois-Colombes"]
[Site "?"]
[Date "2009.12.21"]
[Round "7"]
[White "Chesneau, Lucien"]
[Black "Bonnin, Rémi"]
[Result "0-1"]
[WhiteElo "1100"]
[BlackElo "1070"]
[PlyCount "55"]
[EventDate "2009.12.20"]
[SourceDate "2009.12.28"]

1. e4 e5 2. Nf3 d6 3. Bc4 Nf6 4. Ng5 Be6 5. Bxe6 fxe6 6. Nxe6 Qe7 7. Nxf8 Qxf8
8. d3 Qf7 9. O-O O-O 10. Nd2 Nc6 11. Nf3 Ng4 12. h3 Nf6 13. Bg5 Nh5 14. c3 Rad8
15. Bxd8 Rxd8 16. Qb3 d5 17. exd5 Rxd5 18. c4 Rd8 19. Qxb7 Nf4 20. Qxc6 Rd6 21.
Qa8+ Qf8 22. Qxf8+ Kxf8 23. Nxe5 Ne2+ 24. Kh1 Nd4 25. Rae1 Nc2 26. Re4 Rf6 27.
a3 a5 28. Nd7+ 0-1

[Event "TopJP2GB,Saint-Mandé-Bois-Colombes"]
[Site "?"]
[Date "2009.12.21"]
[Round "7"]
[White "Bonnin, Rémi"]
[Black "Lachkar, Dan"]
[Result "0-1"]
[WhiteElo "1070"]
[BlackElo "1260"]
[PlyCount "68"]
[EventDate "2009.12.20"]
[SourceDate "2009.12.28"]

1. e4 c6 2. c3 d5 3. exd5 cxd5 4. d4 h6 5. Bb5+ Bd7 6. Bxd7+ Nxd7 7. Nf3 Ngf6
8. O-O e6 9. Bf4 Be7 10. Nbd2 Qb6 11. Nb3 O-O 12. Ne5 Qb5 13. Rc1 Rac8 14. Re1
Bd6 15. Re3 Ne4 16. Qg4 Ndf6 17. Qd1 a5 18. Rb1 a4 19. Nd2 Nxd2 20. Qxd2 a3 21.
b3 Ne4 22. Qd1 Nxc3 23. Rxc3 Rxc3 24. Qg4 g5 25. h3 Qb6 26. h4 Kh7 27. hxg5 Rg8
28. Qh4 Bf8 29. Nd7 Qd8 30. Nxf8+ Qxf8 31. Bd6 Qg7 32. Be5 Qxg5 33. Qh2 Rc1+
34. Rxc1 Qxc1# 0-1

[Event "TopJP2GB,Saint-Mandé-Bois-Colombes"]
[Site "?"]
[Date "2009.12.21"]
[Round "7"]
[White "Ariza, Thomas"]
[Black "Chesneau, Lucien"]
[Result "1-0"]
[WhiteElo "1360"]
[BlackElo "1100"]
[PlyCount "163"]
[EventDate "2009.12.20"]
[SourceDate "2009.12.28"]

1. e4 c5 2. Nf3 Nc6 3. Nc3 d6 4. Bc4 Nf6 5. h3 e5 6. Ng5 Be6 7. Nxe6 fxe6 8.
Bxe6 Qe7 9. Bd5 Nd4 10. Bxb7 Qxb7 11. d3 g6 12. O-O Bg7 13. b3 O-O 14. Bg5 Rf7
15. Bxf6 Rxf6 16. Nd5 Rf7 17. c3 Ne6 18. Qg4 Nc7 19. Rad1 Nxd5 20. exd5 Qxd5
21. Rfe1 Rf4 22. Qd7 Rf7 23. Qg4 Raf8 24. f3 Rf4 25. Qd7 R4f7 26. Qg4 Qb7 27.
Qe6 Qb6 28. Kh1 Qa6 29. b4 cxb4 30. cxb4 Qb6 31. Qb3 a5 32. bxa5 Qxb3 33. axb3
Ra8 34. Ra1 e4 35. Ra2 exd3 36. Rd1 Rfa7 37. Rxd3 Rxa5 38. Rxa5 Rxa5 39. Rxd6
Be5 40. Rd1 Kf7 41. Kg1 Ra1 42. Rxa1 Bxa1 43. Kf2 Bc3 44. Ke3 Ke6 45. Kd3 Ba5
46. Ke4 Kf6 47. g3 Bc7 48. g4 h6 49. h4 g5 50. h5 Bf4 51. Kd5 Ke7 52. Ke4 Kf6
53. Kd5 Ke7 54. b4 Bd6 55. b5 Kd7 56. Kc4 Kc7 57. Kd5 Kd7 58. b6 Bb8 59. b7 Kc7
60. Ke6 Kxb7 61. Kf6 Bd6 62. Kg7 Bf4 63. Kxh6 Be3 64. Kg6 Bf4 65. h6 Be5 66.
Kf5 Bh8 67. Kxg5 Kc7 68. Kg6 Kd6 69. Kf7 Ke5 70. g5 Kf5 71. g6 Kg5 72. g7 Bxg7
73. hxg7 Kf4 74. Kf6 Kxf3 75. Kf5 Ke3 76. Ke5 Kf3 77. g8=Q Ke3 78. Qg3+ Kd2 79.
Kd4 Ke2 80. Qg2+ Kd1 81. Kd3 Kc1 82. Qc2# 1-0

[Event "TopJP2GB,Bischwiller-Sautron"]
[Site "?"]
[Date "2009.12.21"]
[Round "7"]
[White "Barbaras, Mathieu"]
[Black "Hallope, Arnaud"]
[Result "1-0"]
[WhiteElo "1908"]
[BlackElo "1853"]
[PlyCount "39"]
[EventDate "2009.12.20"]
[SourceDate "2009.12.28"]

1. e4 c6 2. d4 d5 3. Nc3 dxe4 4. Nxe4 Nf6 5. Nxf6+ gxf6 6. c3 Bf5 7. Ne2 e6 8.
Ng3 Bg6 9. h4 h6 10. Qf3 Nd7 11. h5 Bh7 12. Bc4 Qb6 13. O-O O-O-O 14. a4 c5 15.
Bf4 e5 16. Be3 Qxb2 17. a5 exd4 18. cxd4 cxd4 19. Bf4 Qc3 20. Qc6+ 1-0

[Event "TopJP2GB,Bischwiller-Sautron"]
[Site "?"]
[Date "2009.12.21"]
[Round "7"]
[White "Barbot, Pierre"]
[Black "Wurtz, Guillaume"]
[Result "1-0"]
[WhiteElo "2072"]
[BlackElo "1834"]
[PlyCount "87"]
[EventDate "2009.12.20"]
[SourceDate "2009.12.28"]

1. e4 c5 2. Nf3 Nc6 3. d4 cxd4 4. Nxd4 e5 5. Nb5 d6 6. N1c3 a6 7. Na3 b5 8. Nd5
Nge7 9. c4 Nd4 10. Be3 Nxd5 11. exd5 Nf5 12. Bd2 Be7 13. cxb5 O-O 14. Bc4 Nh4
15. O-O f5 16. Qe2 f4 17. f3 Nf5 18. Rfd1 Bh4 19. Nc2 Rf6 20. Be1 Rg6 21. Bd3
axb5 22. Bf2 Qg5 23. Ne1 Rh6 24. Bxf5 Bxf5 25. Rd2 Qh5 26. Bxh4 Qxh4 27. h3 Rg6
28. Qf2 Qxh3 29. a3 Rf8 30. Re2 Rg3 31. Kf1 Qh5 32. a4 bxa4 33. Rxa4 Bh3 34.
Ra3 Bf5 35. b4 e4 36. Rea2 e3 37. Qg1 Qf7 38. Ra5 Qb7 39. Qh2 Qxb4 40. Qh4 Qc4+
41. Kg1 g5 42. Qh6 Bg6 43. Ra8 Qxa2 44. Qxf8# 1-0

[Event "TopJP2GB,Bischwiller-Sautron"]
[Site "?"]
[Date "2009.12.21"]
[Round "7"]
[White "Fischer, Julie"]
[Black "Bapst, Valentin"]
[Result "1/2-1/2"]
[WhiteElo "1707"]
[BlackElo "1778"]
[PlyCount "76"]
[EventDate "2009.12.20"]
[SourceDate "2009.12.28"]

1. c4 e5 2. g3 Nf6 3. Bg2 d5 4. cxd5 Nxd5 5. Nf3 Nc6 6. O-O Nb6 7. b3 Be7 8.
Bb2 f6 9. d3 Be6 10. Nbd2 O-O 11. a3 a5 12. Qc2 Qd7 13. Rac1 Bd5 14. Nc4 Qe6
15. Nfd2 Bxg2 16. Kxg2 Nc8 17. Rfd1 Nd6 18. Nf3 Nf5 19. d4 exd4 20. Nxd4 Nfxd4
21. Bxd4 Nxd4 22. Rxd4 b5 23. Ne3 Bxa3 24. Rcd1 Bd6 25. Rd5 Rfb8 26. Qd3 Qd7
27. Nf5 a4 28. Nxd6 cxd6 29. Rxd6 Qb7+ 30. f3 Ra7 31. bxa4 bxa4 32. Qc4+ Kf8
33. Rd7 Qxd7 34. Rxd7 Rxd7 35. Qxa4 Rd2 36. Kf2 Rbb2 37. Qe4 Kf7 38. Qc4+ Kg6
1/2-1/2

[Event "TopJP2GB,Bischwiller-Sautron"]
[Site "?"]
[Date "2009.12.21"]
[Round "7"]
[White "Le Pen, Steven"]
[Black "Bellahcen, Rayane"]
[Result "1/2-1/2"]
[WhiteElo "1764"]
[BlackElo "1809"]
[PlyCount "113"]
[EventDate "2009.12.20"]
[SourceDate "2009.12.28"]

1. e4 c5 2. Nf3 Nc6 3. d4 cxd4 4. Nxd4 Qb6 5. Nb3 Nf6 6. Nc3 e6 7. Bd3 a6 8.
Be3 Qc7 9. O-O Be7 10. f4 d6 11. Qf3 Rb8 12. g4 b5 13. g5 Nd7 14. Qh5 Nb6 15.
Rab1 Nc4 16. Bxc4 bxc4 17. Nd2 Nb4 18. Bd4 Bf8 19. Rfc1 d5 20. Be5 Qc5+ 21. Kf1
Rb7 22. Nf3 Nc6 23. exd5 Nxe5 24. Nxe5 Qe3 25. Qf3 Bc5 26. Kg2 Rxb2 27. Qxe3
Bxe3 28. Rxb2 Bxc1 29. Rb8 O-O 30. Kf3 f6 31. gxf6 gxf6 32. Nc6 Bd7 33. Rxf8+
Kxf8 34. Nb8 Ke7 35. dxe6 Bxe6 36. Nxa6 Kd6 37. Ne4+ Ke7 38. Nc7 Bg8 39. Nb5
Bd5 40. Nbc3 Bc6 41. f5 Bb2 42. Ne2 Be5 43. Nf4 Ba4 44. c3 Bc6 45. Ke3 Bxe4 46.
Kxe4 Kd6 47. Nd5 Kc6 48. a4 Kc5 49. h3 h6 50. h4 h5 51. Nf4 Bxc3 52. Nxh5 Be1
53. Nxf6 Bxh4 54. Nd5 Bd8 55. Ke5 Bh4 56. Ke6 Bd8 57. Ke5 1/2-1/2

[Event "TopJP2GB,Bischwiller-Sautron"]
[Site "?"]
[Date "2009.12.21"]
[Round "7"]
[White "Bellahcen, Bilel"]
[Black "Touam, Yannis"]
[Result "1-0"]
[WhiteElo "2010"]
[BlackElo "1500"]
[PlyCount "69"]
[EventDate "2009.12.20"]
[SourceDate "2009.12.28"]

1. e4 e5 2. Nf3 Nc6 3. Bb5 a6 4. Bxc6 dxc6 5. O-O Bd6 6. d4 Qe7 7. Nbd2 Bg4 8.
h3 Bh5 9. Qe1 Nf6 10. Qe3 O-O 11. dxe5 Bxe5 12. Nxe5 Qxe5 13. f4 Qb5 14. a4 Qa5
15. Nc4 Qb4 16. b3 Qe7 17. Ba3 Qxe4 18. Qxe4 Nxe4 19. Bxf8 f6 20. Bb4 c5 21.
Rfe1 f5 22. Rxe4 fxe4 23. Bxc5 b6 24. Be3 Rd8 25. g4 Bf7 26. Ne5 g6 27. Kf2 Be6
28. Ke2 Kg7 29. Rd1 Rxd1 30. Kxd1 Kf6 31. Kd2 g5 32. Nc4 gxf4 33. Bxf4 Bxc4 34.
bxc4 c6 35. Ke3 1-0

[Event "TopJP2GB,Bischwiller-Sautron"]
[Site "?"]
[Date "2009.12.21"]
[Round "7"]
[White "Eugene, Floryan"]
[Black "Pluvinage, Jérôme"]
[Result "0-1"]
[WhiteElo "1730"]
[BlackElo "1580"]
[PlyCount "68"]
[EventDate "2009.12.20"]
[SourceDate "2009.12.28"]

1. e4 c5 2. Nf3 d6 3. d4 cxd4 4. Nxd4 Nf6 5. Nc3 a6 6. f3 e6 7. Be3 b5 8. Bd3
Nbd7 9. O-O Bb7 10. Qd2 b4 11. Nce2 d5 12. exd5 Nxd5 13. Bf2 Be7 14. Rae1 O-O
15. Ng3 Rc8 16. Re4 Nc5 17. Rg4 Kh8 18. Nh5 Rg8 19. Bc4 Nf6 20. Nxf6 Bxf6 21.
Qxb4 Be7 22. Qc3 f5 23. Rg3 Bf6 24. f4 Ne4 25. Qb4 Bxd4 26. Bxd4 Qxd4+ 27. Kh1
Qxc4 28. Qxc4 Rxc4 29. Re3 Rxc2 30. Ref3 Nd2 31. R3f2 Rgc8 32. h3 Ne4 33. Rxc2
Rxc2 34. Rd1 Rc8 0-1

[Event "TopJP2GB,Bischwiller-Sautron"]
[Site "?"]
[Date "2009.12.21"]
[Round "7"]
[White "Schlegel, Nicolas"]
[Black "Trouve, Guillaume"]
[Result "0-1"]
[WhiteElo "1450"]
[BlackElo "1724"]
[PlyCount "120"]
[EventDate "2009.12.20"]
[SourceDate "2009.12.28"]

1. e4 e5 2. Nf3 Nc6 3. Bc4 Bc5 4. c3 Nf6 5. d4 exd4 6. cxd4 Bb4+ 7. Bd2 Bxd2+
8. Nbxd2 d5 9. exd5 Nxd5 10. Qb3 Nce7 11. O-O O-O 12. Rfe1 Rb8 13. Rac1 c6 14.
a4 h6 15. Ne5 Be6 16. Ndf3 Nf5 17. Qd3 Nd6 18. Qd2 Qb6 19. Bxd5 cxd5 20. a5 Qb5
21. Rc7 Ne4 22. Qc2 Qxa5 23. Re7 Qd8 24. Rc7 Rc8 25. Rxc8 Qxc8 26. Qa4 a6 27.
Qa3 Qc7 28. b4 Qd6 29. Qb2 Qb6 30. Rc1 Rc8 31. Rxc8+ Bxc8 32. h3 a5 33. Qb3 Be6
34. Qb1 Qxb4 35. Qc1 a4 36. Nd3 Qc3 37. Qxc3 Nxc3 38. Nd2 Bf5 39. Nb4 Nb1 40.
Nxb1 Bxb1 41. Kf1 a3 42. Ke1 a2 43. Nxa2 Bxa2 44. Ke2 b5 45. Kd3 b4 46. Kc2 b3+
47. Kb2 Kf8 48. f3 Ke7 49. g3 Kd6 50. f4 Kc6 51. g4 g6 52. h4 h5 53. g5 Kb5 54.
Kc3 Ka4 55. Kb2 Kb4 56. Ka1 Kc3 57. f5 b2+ 58. Kxa2 Kc2 59. Ka3 b1=Q 60. fxg6
Qb3# 0-1

[Event "TopJP2GB,Bischwiller-Sautron"]
[Site "?"]
[Date "2009.12.21"]
[Round "7"]
[White "Guerin, Juliette"]
[Black "Machiels, Etienne"]
[Result "0-1"]
[WhiteElo "1370"]
[BlackElo "1430"]
[PlyCount "120"]
[EventDate "2009.12.20"]
[SourceDate "2009.12.28"]

1. e4 e5 2. d4 exd4 3. Qxd4 Nc6 4. Qe3 Nf6 5. Nc3 Bb4 6. Bd2 O-O 7. O-O-O Re8
8. Bc4 Bxc3 9. Bxc3 Nxe4 10. Nf3 Nxc3 11. Qxc3 d6 12. Rhe1 Rxe1 13. Rxe1 d5 14.
Rd1 Be6 15. Qd3 dxc4 16. Qe4 Qf6 17. h4 h6 18. Nd4 Nxd4 19. Rxd4 c6 20. Rd6 Bf5
21. Qd4 Qxd4 22. Rxd4 Be6 23. b3 cxb3 24. cxb3 Bd5 25. g3 Re8 26. Kd2 Re4 27.
Rd3 Kf8 28. Kc3 b5 29. b4 Ke7 30. f4 Bxa2 31. Rd2 Bd5 32. Rd3 f6 33. f5 Rc4+
34. Kd2 Rxb4 35. Re3+ Re4 36. Ra3 Ra4 37. Re3+ Kd6 38. Rd3 c5 39. h5 Rd4 40.
Rxd4 cxd4 41. Kd3 Ke5 42. g4 Bc4+ 43. Kd2 b4 44. Kc2 a5 45. Kc1 a4 46. Kb2 a3+
47. Ka1 d3 48. Kb1 b3 49. Kc1 b2+ 50. Kb1 d2 51. Kc2 d1=Q+ 52. Kxd1 b1=Q+ 53.
Kd2 Qd3+ 54. Kc1 a2 55. Kb2 a1=B+ 56. Kxa1 Kd4 57. Kb2 Ke3 58. g5 Kd2 59. Ka1
Kc1 60. gxf6 Qb1# 0-1

[Event "TopJP2GB,Bischwiller-Sautron"]
[Site "?"]
[Date "2009.12.21"]
[Round "7"]
[White "Machiels, Etienne"]
[Black "Schlegel, Nicolas"]
[Result "0-1"]
[WhiteElo "1430"]
[BlackElo "1450"]
[PlyCount "110"]
[EventDate "2009.12.20"]
[SourceDate "2009.12.28"]

1. e4 e5 2. Nf3 Nc6 3. d4 exd4 4. Nxd4 Bc5 5. Nxc6 Qf6 6. Qd2 dxc6 7. Nc3 Ne7
8. Bd3 O-O 9. O-O Qg6 10. Qg5 Qxg5 11. Bxg5 Re8 12. Rad1 Be6 13. Rfe1 Ng6 14.
Be3 Bb6 15. Bxb6 axb6 16. a3 Ra5 17. Rd2 Rg5 18. Red1 f6 19. Bf1 Nf4 20. Kh1 h5
21. Ne2 Ng6 22. f4 Rb5 23. f5 Bxf5 24. exf5 Rxf5 25. Ng3 Rfe5 26. Kg1 h4 27.
Nh1 Rg5 28. Rd8 Kf7 29. Bc4+ Kf8 30. Nf2 Ne5 31. Be2 Ke7 32. R8d4 Rh8 33. Bf1
Nf3+ 34. Kh1 Nxd4 35. Rxd4 Kf7 36. Rd7+ Kg6 37. Rxc7 Re8 38. Nd3 Rf5 39. Kg1
Re3 40. Nf2 h3 41. Bd3 Re1+ 42. Bf1 hxg2 43. Kxg2 Rg5+ 44. Kf3 Rxf1 45. Ke2 Rb1
46. Rxb7 Rxb2 47. Kd2 Rf5 48. Kc3 Rbb5 49. Ne4 Rf3+ 50. Kd2 Rxa3 51. Nc3 Rh5
52. Nb1 Rxh2+ 53. Kc1 Ra2 54. Rxb6 Raxc2+ 55. Kd1 Rcg2 0-1